000 00694nam a2200277Ia 4500
005 20260324113214.0
008 008 260324s9999 xx 000 0 eng d
020 _a9781003154471
037 _aEBOOK
040 _aCRL
040 _beng
040 _cCRL
041 _2eng
041 _aeng
084 _qCRL
100 _aMaria Baghramian; J. Adam Carter; Rach Cosker-Rowland
_91145841
245 4 _aThe Routledge Handbook of Philosophy of Disagreement
260 _bTaylor and Francis
260 _c2024
365 _a
365 _b340
856 _uhttp://www.taylorfrancis.com/books/9781003154471
942 _cEBOOK
999 _c1735370
_d1735370